000 00332nam a22001457a 4500
008 210521b ||||| |||| 00| 0 eng d
020 _a9781935584629
041 _aeng
080 _a612.39
082 _a612.39
100 _a10
101 _aNUT
245 _aThe Johns Hopkins Medicine
_cRoger S. Blumenthal
942 _2udc
_cBK
999 _c57571
_d57571